[Event "14th 4NCL Congress"]
[Site "Wokefield"]
[Date "2017.07.16"]
[Round "5"]
[Board "4"]
[White "Woodward, Tim F"]
[Black "Tello, Yasser"]
[Result "1-0"]
[WhiteElo "1901"]
[BlackElo "1922"]
[PlyCount "73"]
[EventDate "2017.07.14"]
[EventRounds "5"]
[EventCountry "ENG"]

1. e4 e6 2. d4 d5 3. e5 c5 4. c3 Nc6 5. Nf3 Bd7 6. Be2 Nge7 7. Na3 Nf5 8. Nc2
Rc8 9. O-O Be7 10. a3 cxd4 11. cxd4 Na5 12. Ne3 Nxe3 13. Bxe3 Nc4 14. Bc1 b5
15. b3 Nb6 16. Bb2 Bg5 17. Nxg5 Qxg5 18. f4 Qe7 19. Bd3 f5 20. exf6 Qxf6 21.
Qe2 a6 22. Rae1 O-O 23. Kh1 Rc7 24. Rf3 Nc8 25. g4 Nd6 26. g5 Qd8 27. Rh3 g6
28. Rxh7 Ne4 29. Rh6 Qe8 30. Qf1 Bc6 31. Bxe4 dxe4 32. Qh3 e3+ 33. Kg1 Qb8 34.
Rh8+ Kf7 35. Qh7+ Ke8 36. Rxf8+ Kxf8 37. Qh8+ 1-0

[Event "14th 4NCL Congress"]
[Site "Wokefield"]
[Date "2017.07.16"]
[Round "5"]
[Board "5"]
[White "Stimpson, Philip M"]
[Black "Pollock, Andy"]
[Result "0-1"]
[WhiteElo "1937"]
[BlackElo "1795"]
[PlyCount "134"]
[EventDate "2017.07.14"]
[EventRounds "5"]
[EventCountry "ENG"]

1. e4 c6 2. d4 d5 3. exd5 cxd5 4. c4 Nf6 5. Nc3 e6 6. Nf3 Be7 7. c5 O-O 8. Bd3
b6 9. b4 a5 10. Na4 axb4 11. Nxb6 Ra7 12. Nxc8 Qxc8 13. O-O Nc6 14. Bb2 Nd7 15.
Re1 Bf6 16. Qb3 Qb8 17. Re3 Ra5 18. Rae1 Qf4 19. g3 Qc7 20. Bb1 Ra7 21. Nd2 g6
22. Nf3 Na5 23. Qc2 Nc4 24. Rb3 Rb8 25. Bc1 e5 26. dxe5 Ndxe5 27. Bf4 Re8 28.
Kg2 Qc6 29. Rxb4 d4 30. Rxc4 Qxf3+ 31. Kg1 Qxf4 32. gxf4 Nf3+ 33. Kf1 Rxe1+ 34.
Kg2 Ra3 35. Qd3 Rxd3 36. Bxd3 Nh4+ 37. Kh3 Re7 38. c6 Rc7 39. a4 Nf5 40. Bxf5
gxf5 41. Rc5 Be7 42. Rd5 Bf6 43. Rc5 Kf8 44. Kg3 Ke7 45. Kf3 Kd6 46. Rxf5 Bg7
47. Rh5 h6 48. Ke4 Kxc6 49. Kd3 Kb6 50. Rf5 Kc6 51. Rb5 Kd6 52. Ke4 Ke7 53. a5
Rd7 54. Kd3 Kd6 55. Rb6+ Kc5 56. f5 Be5 57. Rxh6 Ra7 58. f6 Rxa5 59. f4 Bxf4
60. Rh5+ Kb4 61. Rxa5 Kxa5 62. Kxd4 Kb6 63. h4 Kc6 64. Ke4 Bc1 65. Ke5 Kd7 66.
h5 Bd2 67. Kf5 Kd6 0-1

[Event "14th 4NCL Congress"]
[Site "Wokefield"]
[Date "2017.07.16"]
[Round "5"]
[Board "6"]
[White "Gibbs, Dominic V"]
[Black "Gregory, Keith Df"]
[Result "1/2-1/2"]
[WhiteElo "1838"]
[BlackElo "1985"]
[PlyCount "29"]
[EventDate "2017.07.14"]
[EventRounds "5"]
[EventCountry "ENG"]

1. e4 d6 2. Bc4 Nf6 3. d3 c6 4. Qe2 e5 5. Nf3 Be7 6. h3 O-O 7. O-O Nbd7 8. c3
h6 9. Bb3 Nh7 10. Be3 Ng5 11. Nbd2 Nxf3+ 12. Nxf3 Bf6 13. d4 Re8 14. dxe5 dxe5
15. Nh2 1/2-1/2

[Event "14th 4NCL Congress"]
[Site "Wokefield"]
[Date "2017.07.16"]
[Round "5"]
[Board "7"]
[White "Whitehead, Mark A"]
[Black "Nandi, Robin J"]
[Result "1-0"]
[WhiteElo "1917"]
[BlackElo "1827"]
[PlyCount "151"]
[EventDate "2017.07.14"]
[EventRounds "5"]
[EventCountry "ENG"]

1. e4 e6 2. Qe2 e5 3. f4 exf4 4. Nf3 g5 5. d4 d6 6. c3 g4 7. Bxf4 gxf3 8. Qxf3
Bh6 9. Bxh6 Qh4+ 10. g3 Qxh6 11. Nd2 Nf6 12. Bd3 Bg4 13. Qf2 Nc6 14. O-O O-O-O
15. Qf4 Qxf4 16. Rxf4 Ne5 17. dxe5 dxe5 18. Rxf6 Rxd3 19. Nc4 Rhd8 20. Nxe5
Rd1+ 21. Rxd1 Rxd1+ 22. Kf2 Be6 23. Nxf7 Bxf7 24. Rxf7 Rd2+ 25. Ke3 Rxh2 26.
Rf2 Rh1 27. Rd2 Re1+ 28. Kf3 a5 29. g4 a4 30. a3 b5 31. Kf4 Rf1+ 32. Kg5 Re1
33. Kf5 Rf1+ 34. Ke6 Rf4 35. e5 Rxg4 36. Kf7 Rf4+ 37. Ke7 h5 38. e6 h4 39. Rd8+
Kb7 40. Rf8 Re4 41. Rf2 h3 42. Kf7 Rh4 43. e7 h2 44. Rxh2 Rxh2 45. e8=Q Rf2+
46. Kg6 Rxb2 47. Qe4+ c6 48. c4 bxc4 49. Qxc4 Rb5 50. Qxa4 Rd5 51. Kf6 Rb5 52.
Qc4 Rd5 53. Ke6 Kb6 54. a4 Kb7 55. Qb4+ Ka6 56. Ke7 Ka7 57. Kf6 Ka6 58. Ke6 Ka7
59. Qe7+ Kb6 60. Qe8 Kb7 61. Qf8 Kb6 62. Qb8+ Ka6 63. Qc7 Rc5 64. Kd6 Rd5+ 65.
Ke6 Rc5 66. Qb8 Rd5 67. Qc8+ Kb6 68. Qb8+ Ka6 69. Qc7 Rc5 70. Kd7 Rc4 71. Kc8
Rxa4 72. Qxc6+ Ka5 73. Qc5+ Ka6 74. Kc7 Rb4 75. Qxb4 Ka7 76. Qa5# 1-0

[Event "14th 4NCL Congress"]
[Site "Wokefield"]
[Date "2017.07.16"]
[Round "5"]
[Board "8"]
[White "Tart, Peter K"]
[Black "Forster, James Connor C"]
[Result "1-0"]
[WhiteElo "1914"]
[BlackElo "1862"]
[PlyCount "99"]
[EventDate "2017.07.14"]
[EventRounds "5"]
[EventCountry "ENG"]

1. e4 d5 2. d4 c6 3. exd5 cxd5 4. Bd3 Nf6 5. Bf4 Nc6 6. c3 e6 7. Nf3 Bd6 8.
Bxd6 Qxd6 9. O-O O-O 10. Re1 a6 11. Ne5 b5 12. Nd2 Bb7 13. a3 Ne7 14. Qf3 Qc7
15. Qh3 Ng6 16. Bxg6 hxg6 17. Ndf3 Ne4 18. Rxe4 dxe4 19. Ng5 Rfe8 20. Ngxf7
Qxf7 21. Nxf7 Kxf7 22. Qg3 Bd5 23. Re1 Rac8 24. Re3 Rh8 25. Qf4+ Ke7 26. Qe5
Kf7 27. Rg3 Rh6 28. Qd6 Ra8 29. Rg5 Ra7 30. Qb6 Rd7 31. Qxa6 Kf6 32. Rg3 Rb7
33. Qd6 Kf7 34. Rg5 Re7 35. Qf4+ Kg8 36. Qb8+ Kf7 37. Qxb5 Rb7 38. Rxd5 Rxb5
39. Rxb5 Rh8 40. Rb7+ Kf6 41. h3 Rc8 42. Kf1 g5 43. Ke2 Rc6 44. Ke3 Rc8 45. a4
Rc4 46. Rb4 Rc7 47. a5 Ra7 48. Ra4 Ke7 49. c4 Ra6 50. b4 1-0

[Event "14th 4NCL Congress"]
[Site "Wokefield"]
[Date "2017.07.16"]
[Round "5"]
[Board "9"]
[White "Collins, Jonathan L"]
[Black "Burrows, Nick"]
[Result "0-1"]
[WhiteElo "1791"]
[BlackElo "1888"]
[PlyCount "96"]
[EventDate "2017.07.14"]
[EventRounds "5"]
[EventCountry "ENG"]

1. d4 f5 2. Bg5 g6 3. h4 Bg7 4. Nf3 d6 5. c4 h6 6. Bd2 e5 7. dxe5 dxe5 8. Qa4+
Bd7 9. Qc2 Nc6 10. Bc3 Nd4 11. Qd2 c5 12. e3 Nxf3+ 13. gxf3 Qc7 14. Na3 O-O-O
15. O-O-O Ne7 16. Qc2 a6 17. Rg1 Bf6 18. f4 Rhf8 19. fxe5 Bxe5 20. Bxe5 Qxe5
21. Bg2 Bc6 22. Rxd8+ Rxd8 23. Nb1 Qh2 24. Re1 Qxg2 25. Nc3 Be4 26. Nxe4 Qxe4
27. Qxe4 fxe4 28. Rg1 Rf8 29. Rg4 Rxf2 30. Rxe4 Kd7 31. a3 a5 32. Kb1 a4 33.
Rg4 Ke6 34. Re4+ Kf6 35. Kc1 Nf5 36. Re8 Rh2 37. e4 Nxh4 38. e5+ Kf7 39. Rc8 g5
40. Rc7+ Ke6 41. Rxb7 g4 42. Rg7 h5 43. b4 axb3 44. a4 Nf5 45. Rg6+ Kxe5 46. a5
Ra2 47. a6 g3 48. Kb1 h4 0-1

[Event "14th 4NCL Congress"]
[Site "Wokefield"]
[Date "2017.07.16"]
[Round "5"]
[Board "10"]
[White "Hurst, Eddie"]
[Black "Portman, Carl S"]
[Result "1/2-1/2"]
[WhiteElo "1465"]
[BlackElo "1887"]
[PlyCount "58"]
[EventDate "2017.07.14"]
[EventRounds "5"]
[EventCountry "ENG"]

1. d4 e6 2. Bf4 d5 3. Nf3 Bd6 4. Bg3 Nf6 5. e3 c6 6. Bd3 b6 7. Qe2 Bb7 8. Nbd2
Bxg3 9. hxg3 Nbd7 10. c3 Qc7 11. e4 dxe4 12. Nxe4 Nxe4 13. Bxe4 Nf6 14. Bc2
O-O-O 15. O-O-O g6 16. Ne5 Rdf8 17. Bb3 Kb8 18. Qf3 Ne8 19. Qf4 Ka8 20. f3 f6
21. Nd3 g5 22. Qe3 Ng7 23. g4 Bc8 24. Rde1 h6 25. Kb1 Re8 26. a3 Ba6 27. Nb4
Bb7 28. Nd3 Ba6 29. Nb4 Bb7 1/2-1/2

[Event "14th 4NCL Congress"]
[Site "Wokefield"]
[Date "2017.07.16"]
[Round "5"]
[Board "11"]
[White "Coburn, Joseph A"]
[Black "Adaway, William"]
[Result "1/2-1/2"]
[WhiteElo "1755"]
[BlackElo "1876"]
[PlyCount "57"]
[EventDate "2017.07.14"]
[EventRounds "5"]
[EventCountry "ENG"]

1. e4 g6 2. d4 Bg7 3. Nf3 d6 4. Bc4 Nf6 5. e5 dxe5 6. Nxe5 O-O 7. O-O Nbd7 8.
Nxd7 Nxd7 9. c3 c5 10. dxc5 Nxc5 11. Qxd8 Rxd8 12. Be3 Na4 13. Bc1 Bf5 14. Bb3
Nc5 15. Bc4 Nd3 16. Bxd3 Bxd3 17. Re1 Rd7 18. Be3 b5 19. a3 a5 20. Nd2 a4 21.
Nf3 e5 22. h3 Bf5 23. Red1 Rad8 24. Rxd7 Rxd7 25. Kf1 f6 26. Ke1 Kf7 27. Rd1
Rxd1+ 28. Kxd1 Be4 29. Ne1 1/2-1/2

[Event "14th 4NCL Congress"]
[Site "Wokefield"]
[Date "2017.07.16"]
[Round "5"]
[Board "12"]
[White "Lee, Anthony Kh"]
[Black "Hibbitt, Arthur M"]
[Result "0-1"]
[WhiteElo "1975"]
[BlackElo "1768"]
[PlyCount "50"]
[EventDate "2017.07.14"]
[EventRounds "5"]
[EventCountry "ENG"]

1. e4 c5 2. Nf3 g6 3. d4 cxd4 4. Nxd4 Bg7 5. Nc3 Nc6 6. Be3 Nf6 7. f3 O-O 8.
Qd2 d5 9. exd5 Nxd5 10. Nxc6 bxc6 11. O-O-O Bxc3 12. bxc3 Qa5 13. Bc4 Nxc3 14.
Kb2 Nxd1+ 15. Qxd1 Qb4+ 16. Bb3 Be6 17. Bd2 Qb7 18. Bh6 Rfd8 19. Qe1 Bxb3 20.
axb3 Qd7 21. Kb1 a5 22. Qc3 Qd4 23. Qxc6 a4 24. Re1 axb3 25. c3 Qd3+ 0-1

[Event "14th 4NCL Congress"]
[Site "Wokefield"]
[Date "2017.07.16"]
[Round "5"]
[Board "13"]
[White "De Coverly, Roger D"]
[Black "Lucey, Michael"]
[Result "1/2-1/2"]
[WhiteElo "1971"]
[BlackElo "1765"]
[PlyCount "34"]
[EventDate "2017.07.14"]
[EventRounds "5"]
[EventCountry "ENG"]

1. e4 c5 2. Nf3 Nc6 3. g3 g6 4. Bg2 Bg7 5. O-O e6 6. d3 Nge7 7. c3 d5 8. Nbd2
O-O 9. Re1 b6 10. e5 Qc7 11. d4 cxd4 12. cxd4 Nb4 13. Re3 Qc2 14. Re1 Ba6 15.
Bf1 Bxf1 16. Rxf1 Qxd1 17. Rxd1 Rac8 1/2-1/2

[Event "14th 4NCL Congress"]
[Site "Wokefield"]
[Date "2017.07.16"]
[Round "5"]
[Board "14"]
[White "Ter-Gevorkian, Aram"]
[Black "Piecha, Lukasz Marek"]
[Result "1-0"]
[WhiteElo "1927"]
[BlackElo "1752"]
[PlyCount "61"]
[EventDate "2017.07.14"]
[EventRounds "5"]
[EventCountry "ENG"]

1. e4 c5 2. Nc3 g6 3. g3 Bg7 4. Bg2 Nc6 5. Nge2 e6 6. O-O Nge7 7. f4 O-O 8. Nb5
d5 9. e5 f6 10. d4 cxd4 11. exf6 Bxf6 12. Nbxd4 Bd7 13. Kh1 Rc8 14. Bh3 Nxd4
15. Nxd4 Bxd4 16. f5 e5 17. Bh6 Rf7 18. fxg6 Nxg6 19. Rxf7 Kxf7 20. Qf3+ Qf6
21. Qxd5+ Be6 22. Bxe6+ Qxe6 23. Rf1+ Nf4 24. Qxb7+ Ke8 25. gxf4 Qc6+ 26. Qxc6+
Rxc6 27. c3 Be3 28. Re1 Rxh6 29. Rxe3 Rb6 30. Rxe5+ Kf7 31. b4 1-0

[Event "14th 4NCL Congress"]
[Site "Wokefield"]
[Date "2017.07.16"]
[Round "5"]
[Board "15"]
[White "Jacob, Sydney J"]
[Black "Ross, Stuart"]
[Result "1-0"]
[WhiteElo "1876"]
[BlackElo "1619"]
[PlyCount "71"]
[EventDate "2017.07.14"]
[EventRounds "5"]
[EventCountry "ENG"]

1. d4 Nf6 2. c4 g6 3. Nc3 d5 4. Bg5 c6 5. e3 Bg7 6. Nf3 O-O 7. Be2 Bf5 8. O-O
h6 9. Bh4 g5 10. Bg3 Nh5 11. Be5 f6 12. Bxb8 Rxb8 13. Nd2 g4 14. Bxg4 Bxg4 15.
Qxg4 Qe8 16. Qe6+ Kh8 17. cxd5 Rg8 18. dxc6 bxc6 19. b3 Bf8 20. Rac1 Qg6 21.
Qxc6 Rb6 22. Qf3 f5 23. Nc4 Ra6 24. Ne5 Qg7 25. g3 Nf6 26. Qxf5 e6 27. Qd3 Ra5
28. Rc2 h5 29. Ne4 h4 30. Nxf6 Qxf6 31. Qe4 Be7 32. Rfc1 Bd6 33. Rc8 Rxe5 34.
dxe5 Bxe5 35. Rxg8+ Kxg8 36. Qxh4 1-0

[Event "14th 4NCL Congress"]
[Site "Wokefield"]
[Date "2017.07.16"]
[Round "5"]
[Board "16"]
[White "Wunderle, John P"]
[Black "Mclaren, Charlie"]
[Result "1/2-1/2"]
[WhiteElo "1727"]
[BlackElo "1795"]
[PlyCount "116"]
[EventDate "2017.07.14"]
[EventRounds "5"]
[EventCountry "ENG"]

1. c4 Nf6 2. Nc3 g6 3. d4 d6 4. e4 Bg7 5. Be2 O-O 6. Bg5 Nbd7 7. Nf3 e5 8. dxe5
dxe5 9. O-O c6 10. h3 Qc7 11. Qd2 Rd8 12. Rad1 b6 13. Qd6 Qxd6 14. Rxd6 Bb7 15.
Rfd1 Re8 16. Rxd7 Nxd7 17. Rxd7 Ba6 18. b4 f6 19. Be3 Red8 20. Rxd8+ Rxd8 21.
a4 Bb7 22. c5 Bf8 23. cxb6 Bxb4 24. Na2 c5 25. Nxb4 cxb4 26. Bc4+ Kg7 27. Nd2
axb6 28. Kf1 Rc8 29. Bb5 Rc3 30. Bxb6 Rc2 31. Ke1 Ra2 32. Bc5 b3 33. Nxb3 Bxe4
34. a5 Bd5 35. a6 Bxb3 36. a7 Bd5 37. Be2 Kf7 38. g3 Ke6 39. f3 Kd7 40. Kf2 Kc6
41. Be3 Kb7 42. Kf1 Ra1+ 43. Kf2 Ra2 44. Kf1 Rxa7 45. Bxa7 Kxa7 46. Kf2 Kb6 47.
Ke3 Kc6 48. g4 Kd6 49. h4 f5 50. f4 e4 51. h5 Be6 52. hxg6 hxg6 53. gxf5 gxf5
54. Bd1 Ke7 55. Be2 Kd6 56. Kd4 Bd7 57. Bc4 Be6 58. Be2 Bd7 1/2-1/2

[Event "14th 4NCL Congress"]
[Site "Wokefield"]
[Date "2017.07.16"]
[Round "5"]
[Board "17"]
[White "Jaufarally, Nadia"]
[Black "Reid, Patrick D"]
[Result "1-0"]
[WhiteElo "1657"]
[BlackElo "1775"]
[PlyCount "83"]
[EventDate "2017.07.14"]
[EventRounds "5"]
[EventCountry "ENG"]

1. d4 Nf6 2. Bf4 c5 3. e3 Qb6 4. Nc3 Qxb2 5. Nb5 Nd5 6. Rb1 Qxa2 7. c4 Qa5+ 8.
Qd2 Qxd2+ 9. Kxd2 Nxf4 10. Nc7+ Kd8 11. Nxa8 Ng6 12. d5 b6 13. Ra1 Na6 14. Nf3
f6 15. Bd3 Bb7 16. Rhb1 Ne5 17. Nxe5 fxe5 18. Nxb6 axb6 19. Rxb6 Kc7 20. Rbxa6
Bxa6 21. Rxa6 g6 22. Bc2 Bg7 23. Ra7+ Kd6 24. Ba4 Rd8 25. Kd3 e6 26. Ra6+ Ke7
27. d6+ Kf6 28. Ke4 Bf8 29. h4 h6 30. Kf3 e4+ 31. Kxe4 g5 32. h5 Kf7 33. g4 Ke8
34. f4 Kf7 35. Bc2 Rb8 36. fxg5 hxg5 37. Ra7 Bxd6 38. Rxd7+ Be7 39. Ke5 Ke8 40.
Ra7 Rb6 41. h6 Kf8 42. h7 1-0

[Event "14th 4NCL Congress"]
[Site "Wokefield"]
[Date "2017.07.16"]
[Round "5"]
[Board "18"]
[White "Bovtramovics, Vladimirs"]
[Black "Gawne, Martin P"]
[Result "1-0"]
[WhiteElo "1744"]
[BlackElo "1964"]
[PlyCount "49"]
[EventDate "2017.07.14"]
[EventRounds "5"]
[EventCountry "ENG"]

1. e4 g6 2. d4 Bg7 3. g3 d6 4. Bg2 Nf6 5. Ne2 O-O 6. O-O Nbd7 7. c4 e5 8. Nbc3
exd4 9. Nxd4 Nc5 10. h3 Re8 11. Re1 Be6 12. b4 Na6 13. Nxe6 Rxe6 14. Rb1 c6 15.
Bg5 h6 16. Be3 Qe7 17. Qc2 Nd7 18. h4 Qf6 19. Ne2 Re7 20. Bd4 Qe6 21. Nf4 Qg4
22. Bxg7 Kxg7 23. Qc3+ Ne5 24. Bh3 Qf3 25. Re3 1-0

[Event "14th 4NCL Congress"]
[Site "Wokefield"]
[Date "2017.07.16"]
[Round "5"]
[Board "19"]
[White "Ansari, Athar"]
[Black "Price, Andrew"]
[Result "1-0"]
[WhiteElo "1904"]
[BlackElo "1805"]
[PlyCount "55"]
[EventDate "2017.07.14"]
[EventRounds "5"]
[EventCountry "ENG"]

1. e4 c5 2. c3 Nf6 3. Qc2 Qc7 4. d3 d6 5. f4 Nbd7 6. Be2 e5 7. f5 d5 8. Nf3 b6
9. Bg5 Bb7 10. exd5 Nxd5 11. O-O f6 12. Bd2 O-O-O 13. Na3 g5 14. Nb5 Qb8 15. a4
a6 16. Na3 Nf4 17. Bxf4 exf4 18. b4 g4 19. Nd2 Rg8 20. Kh1 Qe5 21. Ne4 Qxf5 22.
Nc4 Qd5 23. Bd1 Rg6 24. Rxf4 f5 25. Ne3 Qg8 26. Rxf5 Qe6 27. Qf2 Ne5 28. Rxf8
 1-0

[Event "14th 4NCL Congress"]
[Site "Wokefield"]
[Date "2017.07.16"]
[Round "5"]
[Board "20"]
[White "Beckett, Richard"]
[Black "Nwachukwu, Chino"]
[Result "0-1"]
[WhiteElo "1620"]
[BlackElo "1904"]
[PlyCount "80"]
[EventDate "2017.07.14"]
[EventRounds "5"]
[EventCountry "ENG"]

1. e4 c5 2. Nf3 d6 3. d4 cxd4 4. Nxd4 Nf6 5. Nc3 a6 6. Bg5 e6 7. f4 Be7 8. Qf3
h6 9. Bh4 g5 10. fxg5 Nfd7 11. Nxe6 fxe6 12. Qh5+ Kf8 13. Bd3 Ne5 14. O-O+ Kg8
15. Qe2 hxg5 16. Bg3 Nbc6 17. Rad1 Qb6+ 18. Kh1 Qxb2 19. Qd2 Qb6 20. Be2 Qd8
21. Qe1 Rh7 22. Nd5 exd5 23. exd5 Nb8 24. Bxe5 dxe5 25. Bd3 Rg7 26. Qxe5 Bd6
27. Qe3 Bg4 28. Rde1 Bf4 29. Qe4 Nd7 30. h3 Nf6 31. Qc4 b5 32. Qb3 Bh5 33. Bf5
Bf7 34. Be6 Nh5 35. Rf3 Qc7 36. Bxf7+ Rxf7 37. Re6 Ng3+ 38. Rxg3 Bxg3 39. Rg6+
Kh7 40. Qd3 Qxc2 0-1

[Event "14th 4NCL Congress"]
[Site "Wokefield"]
[Date "2017.07.16"]
[Round "5"]
[Board "21"]
[White "David, Ivan"]
[Black "Manning, Peter A"]
[Result "0-1"]
[WhiteElo "1887"]
[BlackElo "1787"]
[PlyCount "68"]
[EventDate "2017.07.14"]
[EventRounds "5"]
[EventCountry "ENG"]

1. e4 c5 2. d4 e6 3. d5 exd5 4. exd5 d6 5. Nc3 a6 6. a4 Nf6 7. h3 g6 8. Nf3 Bg7
9. Be2 O-O 10. O-O Nbd7 11. Bf4 Ne8 12. Nd2 Ne5 13. Bg3 f5 14. f4 Nf7 15. Nc4
Nf6 16. Bf3 Rb8 17. a5 Nd7 18. Na4 b5 19. axb6 Bb7 20. Qd2 Nf6 21. Rae1 Qd7 22.
Nc3 Nh5 23. Bf2 a5 24. b3 Ba6 25. Rb1 Nxf4 26. Rfd1 Bxc4 27. bxc4 Nh5 28. Rb5
Ne5 29. Be2 f4 30. Bd3 Ng3 31. Ne2 Nxe2+ 32. Qxe2 f3 33. Qd2 fxg2 34. Kxg2 Nf3
 0-1

[Event "14th 4NCL Congress"]
[Site "Wokefield"]
[Date "2017.07.16"]
[Round "5"]
[Board "22"]
[White "Langham, Rod E"]
[Black "Golding, William"]
[Result "1-0"]
[WhiteElo "1699"]
[BlackElo "1517"]
[PlyCount "79"]
[EventDate "2017.07.14"]
[EventRounds "5"]
[EventCountry "ENG"]

1. d4 e5 2. e3 d5 3. Nf3 e4 4. Nfd2 f5 5. c4 c6 6. Nc3 Nf6 7. cxd5 cxd5 8. f3
Be7 9. fxe4 fxe4 10. Be2 O-O 11. O-O a6 12. Qb3 Nc6 13. a3 Na5 14. Qa2 Kh8 15.
b4 Nc6 16. Nb3 Bg4 17. Nc5 Bxc5 18. bxc5 Qa5 19. Bd2 Bxe2 20. Nxe2 Qc7 21. Nf4
Ne7 22. Ne6 Qd7 23. Nxf8 Rxf8 24. h3 Ng6 25. Bb4 Rc8 26. Qf2 Ne7 27. Rac1 Nc6
28. Qf5 Qxf5 29. Rxf5 Kg8 30. g4 Nxb4 31. axb4 h6 32. Rcf1 Rc6 33. Rb1 b5 34.
Ra1 Kf7 {(=)} 35. Rf2 Ke6 36. Rfa2 Nd7 37. Rxa6 Rxa6 38. Rxa6+ Ke7 39. Kf2 Nb8
40. Rb6 1-0

[Event "14th 4NCL Congress"]
[Site "Wokefield"]
[Date "2017.07.16"]
[Round "5"]
[Board "23"]
[White "Lovell, William Pm"]
[Black "Wiratunga, Jenith Ay"]
[Result "1-0"]
[WhiteElo "1678"]
[BlackElo "1412"]
[PlyCount "65"]
[EventDate "2017.07.14"]
[EventRounds "5"]
[EventCountry "ENG"]

1. d4 d5 2. Bf4 Bf5 3. e3 Nf6 4. c4 e6 5. Nc3 c6 6. Qb3 Qb6 7. c5 Qxb3 8. axb3
Nbd7 9. h3 Be7 10. Nf3 O-O 11. b4 Ne4 12. Nxe4 Bxe4 13. Nd2 Bg6 14. b5 cxb5 15.
Bxb5 Nf6 16. O-O a6 17. Be2 Ne4 18. Nxe4 Bxe4 19. b4 Rac8 20. b5 axb5 21. Bxb5
Ra8 22. Bc7 Bf6 23. Rfc1 h6 24. Kf1 Rfc8 25. Bd6 Bd8 26. Bd7 Bd3+ 27. Kg1 Bc4
28. Bxc8 Rxc8 29. Rcb1 Ba6 30. Rb3 Bc7 31. Bxc7 Rxc7 32. Rb6 Kf8 33. c6 1-0

[Event "14th 4NCL Congress"]
[Site "Wokefield"]
[Date "2017.07.16"]
[Round "5"]
[Board "24"]
[White "Verma, Shlok"]
[Black "Brown, Geoffrey D"]
[Result "1-0"]
[WhiteElo "1475"]
[BlackElo "1565"]
[PlyCount "93"]
[EventDate "2017.07.14"]
[EventRounds "5"]
[EventCountry "ENG"]

1. d4 e6 2. c4 f5 3. Nf3 Nf6 4. Nc3 Be7 5. Bf4 O-O 6. e3 d6 7. Bd3 a5 8. O-O
Qe8 9. Nd2 Nbd7 10. Bg3 Nh5 11. Qf3 Bd8 12. a3 Kh8 13. b4 g5 14. h3 Ndf6 15.
Qe2 Nxg3 16. fxg3 g4 17. h4 Nh5 18. Kh2 Be7 19. Qe1 Qd8 20. Rh1 c5 21. b5 b6
22. Ne2 e5 23. a4 Ra7 24. Rf1 Qe8 25. d5 {(=)} Bd8 26. Qf2 Raf7 27. Bc2 Be7 28.
Kg1 Qd8 29. Ra3 f4 30. exf4 exf4 31. Be4 fxg3 32. Qxf7 Rxf7 33. Rxf7 Nf6 34.
Re3 Qe8 35. Bg6 hxg6 36. Rexe7 Qd8 37. Nxg3 Bd7 38. Nge4 Nxe4 39. Nxe4 Bf5 40.
Rh7+ Kg8 41. Reg7+ Kf8 42. Rh8+ Kxg7 43. Rxd8 Bxe4 44. Rxd6 Bd3 45. Rxb6 Bxc4
46. Rc6 Bxd5 47. Rxc5 1-0

[Event "14th 4NCL Congress"]
[Site "Wokefield"]
[Date "2017.07.16"]
[Round "5"]
[Board "25"]
[White "Hammond, Benjamin"]
[Black "Dray-Pearce, Tristan"]
[Result "0-1"]
[WhiteElo "1462"]
[BlackElo "1633"]
[PlyCount "82"]
[EventDate "2017.07.14"]
[EventRounds "5"]
[EventCountry "ENG"]

1. e4 c5 2. d4 cxd4 3. c3 dxc3 4. Nxc3 d6 5. Nf3 Nc6 6. Bc4 Nf6 7. O-O g6 8.
Bg5 Bg7 9. Qe2 O-O 10. Rfd1 Qa5 11. Rac1 Bg4 12. h3 Bxf3 13. Qxf3 Qxg5 14. Bd5
Ne5 15. Qe2 Nxd5 16. Nxd5 Nc6 17. f4 Qh6 18. g4 Qxh3 19. Rd3 Bd4+ 20. Ne3 Qg3+
21. Kf1 Qxf4+ 22. Ke1 Bxe3 23. Rxe3 Nd4 24. Qd3 Nf3+ 25. Ke2 Ne5 26. Qb3 Qxg4+
27. Kd2 Qe6 28. Qxb7 Qxa2 29. Qxe7 Qxb2+ 30. Rc2 Qd4+ 31. Ke2 Ng4 32. Rd3 Qf2+
33. Kd1 Ne3+ 34. Rxe3 Qxe3 35. Qh4 Rac8 36. e5 Rxc2 37. Kxc2 Rc8+ 38. Kb2 Qc3+
39. Ka2 Rb8 40. Qxh7+ Kxh7 41. e6 Qb2# 0-1

[Event "14th 4NCL Congress"]
[Site "Wokefield"]
[Date "2017.07.16"]
[Round "5"]
[Board "26"]
[White "Merriman, James"]
[Black "Di-Vetta, Andrew"]
[Result "1-0"]
[WhiteElo "1496"]
[BlackElo "1605"]
[PlyCount "77"]
[EventDate "2017.07.14"]
[EventRounds "5"]
[EventCountry "ENG"]

1. d4 Nf6 2. c4 g6 3. Nc3 d5 4. Nf3 Bg7 5. Bg5 Ne4 6. Bf4 c6 7. e3 Qa5 8. Qc2
O-O 9. Bd3 f5 10. O-O Nd7 11. cxd5 Nxc3 12. dxc6 bxc6 13. bxc3 Ba6 14. Bxa6
Qxa6 15. Qb3+ Kh8 16. Ng5 Bf6 17. Ne6 Rfc8 18. Nc7 Rxc7 19. Bxc7 Rc8 20. Bg3 c5
21. Rab1 Nb6 22. Rfc1 c4 23. Qb5 Qb7 24. a4 Qe4 25. a5 Nd5 26. Qd7 Nxc3 27.
Qxc8+ Kg7 28. Qxc4 Nxb1 29. Qc2 Qd5 30. Rxb1 Qxa5 31. h3 h5 32. Qb2 Kh6 33. Ra1
Qd5 34. Rxa7 h4 35. Be5 Bxe5 36. dxe5 Qd1+ 37. Kh2 e6 38. Qb7 f4 39. exf4 1-0